000 00914cam a22001934a 4500
005 20250605164038.0
008 250528s ||||||||||||||||||||||||d
035 _a16892
020 _a9602860731
040 _aGR-AtMCL
_bgre
_dGR-AtMCL
_eAACR2
245 1 _aΜηχανογράφηση
260 _bΈλλην,
_c1994
300 _a256
520 _aΜηχανογράφηση, Ένα Πλαίσιο στα Πληροφοριακά Συστήματα Διοίκησης, Συνοπτική Παρουσίαση του Waterfall Μοντέλου με έμφαση στην ''Δομημένη Ανάλυση και Δομημένη Σχεδίαση'', Ανάπτυξη Πληροφοριακού Υποσυστήματος Διοίκησης, Παράρτημα, Βιβλιογραφία.
700 1 _aΜανιατοπούλου Αγγελική
_92984
942 _cBK
999 _c2342
_d2342